Creatures that glow / (Record no. 112204)
[ view plain ]
| 000 -LEADER | |
|---|---|
| fixed length control field | 00575nam a2200193 a 4500 |
| 001 - CONTROL NUMBER | |
| control field | 3191 |
| 005 - DATE AND TIME OF LATEST TRANSACTION | |
| control field | 20140414131931.0 |
| 008 - FIXED-LENGTH DATA ELEMENTS--GENERAL INFORMATION | |
| fixed length control field | 060202s19uu xx 00 eng d |
| 020 ## - INTERNATIONAL STANDARD BOOK NUMBER | |
| International Standard Book Number | 1-55280-268-x |
| 050 ## - LIBRARY OF CONGRESS CALL NUMBER | |
| Classification number | REF 574.19 |
| Item number | G15 1995 |
| 100 ## - MAIN ENTRY--PERSONAL NAME | |
| Personal name | Ganeri, Anita |
| 245 ## - TITLE STATEMENT | |
| Title | Creatures that glow / |
| Statement of responsibility, etc | Anita Ganeri. |
| 260 ## - PUBLICATION, DISTRIBUTION, ETC. (IMPRINT) | |
| Name of publisher, distributor, etc | Harry N. Abrams, |
| Date of publication, distribution, etc | 1995. |
| Place of publication, distribution, etc | New York : |
| 300 ## - PHYSICAL DESCRIPTION | |
| Extent | 30 p. : ill. ; cm. |
| 520 ## - SUMMARY, ETC. | |
| Summary, etc | Discover the way that nature lights up the dark. |
| 650 ## - SUBJECT ADDED ENTRY--TOPICAL TERM | |
| Topical term or geographic name as entry element | Bioluminescence |
| General subdivision | Juvenile literature. |
| 650 ## - SUBJECT ADDED ENTRY--TOPICAL TERM | |
| Topical term or geographic name as entry element | Glow-in-the-dark books. |
| Withdrawn status | Lost status | Damaged status | Use restrictions | Home library | Current library | Shelving location | Date acquired | Source of acquisition | Total Checkouts | Full call number | Barcode | Date last seen | Price effective from | Koha item type |
|---|---|---|---|---|---|---|---|---|---|---|---|---|---|---|
| Munich Library | Munich Library | Reference Section | 02/02/2006 | REF 574.19 G15 1995 | M3417 | 04/14/2014 | 04/14/2014 | Books |